Europäische Hauptstädte nach Buchstaben- I - Statistiken

Allgemein
  • Dieses Quiz wurde 111 mal gespielt
    105 seit der letzten Aktualisierung
  • Das Durchschnittsergebnis liegt bei 18 aus 22
Antwortstatistiken
Antwort % Korrekt
Lissabon
99%
Berlin
97%
Dublin
94%
Helsinki
94%
Paris
94%
Madrid
92%
Wien
91%
Kiew
87%
Riga
87%
Tallinn
87%
Minsk
85%
Reykjavik
85%
Sofia
82%
San Marino
81%
Vilnius
79%
Chisinau
78%
Vatikan
78%
Tirana
73%
Bratislava
72%
Podgorica
68%
Pristina
64%
Monaco-Ville
4%
Keine übereinstimmenden Quizze gefunden
Verteilung der Resultate
Anzahl Personen mit jedem Resultat
Perzentil nach korrekt beantworteten Fragen
Ihre Resultats-Entwicklung
Sie haben dieses Quiz seit der letzten Aktualisierung nicht gespielt